| 000 | 00659nmm a2200265 a 4500 | ||
|---|---|---|---|
| 003 | AR-BaBNM | ||
| 005 | 20251128203209.0 | ||
| 008 | 116019s1948 ||||||||||||||000 | spa|| | ||
| 040 | _cAR-BaBNM | ||
| 100 | 1 |
_aCronin, A.J. _d1896-1981 |
|
| 245 | 1 | 0 | _aLa ruta del doctor Shannon |
| 260 |
_aBuenos Aires _bHermes _c1948 |
||
| 300 | 0 | _a381 p. | |
| 650 | 4 | _aLITERATURA INGLESA | |
| 650 | 4 | _aESCRITORES | |
| 650 | 4 | _aCULTURA | |
| 650 | 4 | _aNOVELAS | |
| 650 | 4 | _aLITERATURA EXTRANJERA | |
| 650 | 4 | _aLITERATURA CONTEMPORANEA | |
| 653 | _aNARRATIVA | ||
| 655 | _aLITERATURA | ||
| 700 | 1 |
_aUrnieta, JoaquĆn _etraductor |
|
| 942 | _cBK | ||
| 998 | _cMARTIN | ||
| 999 |
_c2340 _d2340 |
||